| 000 | 00777nam a2200241 a 4500 | ||
|---|---|---|---|
| 001 | 000020995 | ||
| 005 | 20200930011216.0 | ||
| 008 | 100827s1993 sp 000 f spa d | ||
| 020 | _a8401492041 | ||
| 040 |
_aDO-SdBNP _bspa _cBNPHU |
||
| 082 |
_a813.54 _bG696añ |
||
| 100 | 1 |
_aGould, Judith, _d1945- _911157 |
|
| 240 | 1 | 0 |
_aThe Texas years. _lEspañol |
| 245 | 1 | 4 |
_aLos años de Texas / _cJudith Gould ; traducción de María Buxó-Dulce Montesinos. |
| 260 |
_aBarcelona : _bPlaza & Janés, _c1993. |
||
| 300 |
_a478 p. ; _c18 cm. |
||
| 490 | 1 |
_aJet de Plaza & Janés _v205/2 |
|
| 534 |
_aTítulo original : _tThe Texas years |
||
| 700 | 1 |
_aBuxó-Dulce Montesinos, María, _etr. _943944 |
|
| 830 | 0 |
_aJet de Plaza & Janés, _v205/2 _929408 |
|
| 910 | _aWM | ||
| 049 | _aBNGR | ||
| 999 |
_c20498 _d20498 |
||